| 000 | 01389nam a22002297a 4500 | ||
|---|---|---|---|
| 005 | 20150331122651.0 | ||
| 008 | 140701b xxu||||| |||| 00| 0 eng d | ||
| 010 | _aBAC-HN24-51 HIN-103776 | ||
| 020 |
_c595.00 _a9971080001 |
||
| 035 | _aHN-76122 | ||
| 037 | _bपी.बी. डी. | ||
| 040 | _adpl | ||
| 082 | _a362 | ||
| 100 | _aविवेक, एस. राज | ||
| 245 |
_aसमकालीन भारतीय मुद्देः (समस्या एवं समाधान)/ _cविवेक, एस. राज |
||
| 250 | _aपंचम् संस्क. | ||
| 260 |
_aनई दिल्ली _bसिविल सर्विसेज़ टाइम्स _c2014-15 |
||
| 270 |
_aसी- 75, पर्यावरण कॉम्प्लेक्स, मैदान गढ़ी _bनई दिल्ली _e110030 |
||
| 300 |
_a837 पृ _c21 से.मी (अजिल्द) |
||
| 942 |
_2ddc _cHN _h362 _mविवेक |
||
| 999 |
_c85909 _d85909 |
||